Grupos de interés e interacciones comunicativas en las reformas sociales en América Latina /

Guardado en:
Bibliografiske detaljer
Hovedforfatter: Martinic, Sergio
Format: Texto
Serier:SERIE POLITICAS SOCIALES/CEPAL
Fag:
Tags: Tilføj Tag
Ingen Tags, Vær først til at tagge denne postø!

MARC

LEADER 00000 a a2200000 04500
001 48362
003
040
090 |a REV1291 2(42)2000  
100 |a Martinic, Sergio  
245 |a Grupos de interés e interacciones comunicativas en las reformas sociales en América Latina /  |c Sergio Martinic  
440 |a SERIE POLITICAS SOCIALES/CEPAL  
650 |a EDUCACION  
650 |a REFORMAS A LA EDUCACION  
650 |a REFORMA SOCIAL  
650 |a SALUD PUBLICA  
773 |g volumen2, número42, (2000)  
999 |c 35165  |d 35165